Sydney Ethnic Groups - Statistics

General Stats
  • This quiz has been taken 93 times
  • The average score is 30 of 50
Answer Stats
Percentage Population Ancestry % Correct
10.1% 490,000 Chinese
99%
25.3% 1,220,000 English
94%
4% 190,000 Indian
92%
2.4% 120,000 Greek
89%
8.6% 420,000 Irish
89%
4.2% 200,000 Italian
87%
23.5% 1,130,000 Australian
80%
0.7% 30,000 French
80%
1.3% 60,000 Korean
80%
0.5% 26,500 Russian
80%
0.8% 40,000 Spanish
80%
2.2% 105,000 Vietnamese
80%
2.5% 120,000 German
78%
3.3% 160,000 Lebanese
78%
0.4% 19,000 Japanese
77%
6.4% 310,000 Scottish
77%
0.5% 24,000 Indonesian
73%
0.3% 15,000 American
71%
0.5% 22,000 Portuguese
71%
0.5% 25,000 Turkish
71%
0.5% 25,000 Thai
65%
2.1% 100,000 Filipino
62%
0.8% 40,000 New Zealander
62%
0.5% 25,500 Pakistani
61%
0.8% 40,000 Polish
61%
0.5% 23,500 Persian
59%
0.3% 15,000 Khmer
58%
0.6% 30,000 Bengali
57%
0.6% 30,000 South African
57%
0.5% 24,000 Welsh
57%
0.9% 45,000 Dutch
54%
0.5% 25,000 Egyptian
54%
0.5% 23,000 Iraqi
52%
0.3% 14,500 Afghan
51%
0.8% 40,000 Croatian
49%
0.7% 35,000 Nepalese
48%
0.5% 24,500 Fijian
47%
1.5% 80,000 Indigenous
47%
0.6% 30,000 Serbian
47%
0.5% 25,000 Samoan
44%
0.3% 16,000 Tongan
44%
0.6% 30,000 Sinhalese
43%
0.4% 19,000 Hungarian
38%
0.5% 24,000 Maori
37%
0.5% 26,000 Macedonian
35%
1.2% 60,000 Maltese
35%
0.3% 12,500 Armenian
27%
0.6% 30,000 Assyrian
22%
0.2% 11,000 Tamil
18%
0.3% 14,500 Chilean
16%
No matching quizzes found
Score Distribution
Percent of People with Each Score
Percentile by Number Answered
Your Score History
You have not taken this quiz